|
|
|
|
| LEADER |
00975ncm a22002412a 4500 |
| 001 |
001174298 |
| 003 |
CZ BrMZK |
| 005 |
20210118091553.0 |
| 007 |
qu |
| 008 |
111013s1948 xr |||||||||||||||||cze d |
| 040 |
|
|
|a BOA001
|b cze
|
| 072 |
|
7 |
|a 784
|x Vokální hudba
|2 Konspekt
|9 9
|
| 100 |
1 |
|
|a Šesták, Jaroslav,
|d 1917-2003
|7 mzk2002113565
|4 cmp
|4 lyr
|
| 245 |
1 |
0 |
|a Dlouho budem vzpomínat
|h [hudebnina] :
|b Libišská polka : universální orchestr /
|c slova i hudba: Jára Marek. Až jednou snad : valčíková píseň / hudba: Jaromír Petržilka ; slova Karel Růžička
|
| 260 |
|
|
|a Praha :
|b Grando,
|c 1948
|
| 300 |
|
|
|a 1 sv. (na volných listech)
|
| 700 |
1 |
|
|a Petržílka, Jaromír,
|d 1903-
|7 ola200204795
|4 cmp
|
| 700 |
1 |
|
|a Růžička, Karel,
|d 1899-1980
|7 jx20090911030
|4 lyr
|
| 740 |
0 |
2 |
|a Až jednou snad
|
| 910 |
|
|
|a BOA001
|b Mus3-0221.154
|
| 990 |
|
|
|a MU
|
| 991 |
|
|
|b 201110
|
| 996 |
6 |
|
|b 2619396013
|c Mus3-0221.154
|l MZK
|r Sklad / do 1 hodiny
|n 0
|w 001207822
|u 000010
|a 1
|e BOA001
|j MZK50
|s P
|